مكتبة جامعة عجلون الوطنية

فهرس بحث المكتبة

Normal view MARC view
  • الأردن -- ديوان الخدمة المدنية -- ديوان الخدمة المدنية (عمان، الأردن) -- تقارير

Entry Topical Term

Number of records used in: 1

001 - CONTROL NUMBER

  • control field: 63126

003 - CONTROL NUMBER IDENTIFIER

  • control field: JO-AjAnu

005 - DATE AND TIME OF LATEST TRANSACTION

  • control field: 20230606084315.0

008 - FIXED-LENGTH DATA ELEMENTS

  • fixed length control field: 230606|| aca||aabn | a|a d

040 ## - CATALOGING SOURCE

  • Original cataloging agency: JO-AjAnu
  • Transcribing agency: JO-AjAnu

150 ## - HEADING--TOPICAL TERM

  • Topical term or geographic name entry element: الأردن -- ديوان الخدمة المدنية -- ديوان الخدمة المدنية (عمان، الأردن) -- تقارير

670 ## - SOURCE DATA FOUND

  • Source citation: Work cat.: (JO-AjAnu)32185: الاردن، ديوان الخدمة المدنية, author 63125, 2020 ديوان الخدمة المدنية: التقرير السنوي لعام